000
00211nam a22000857a 4500
008
160706b xxu||||| |||| 00| 0 eng d
100
_9
2326
_a
Prakash, V
245
_a
Why Fight?
260
_a
New Delhi
_b
Dreamland
_c
2004
999
_c
2004
_d
2004